[Event "Ragusa Province-ch"]
[Site "Modica"]
[Date "2010.01.30"]
[Round "2"]
[White "Arangio, Roberto"]
[Black "Tumino, Andrea"]
[Result "1-0"]
[WhiteElo "1431"]
[BlackElo "1556"]
[PlyCount "82"]
[EventDate "2010.01.30"]
[EventType "swiss"]
[EventRounds "8"]
[EventCountry "ITA"]
[SourceTitle "EXT 2024"]
[Source "ChessBase"]
[SourceDate "2023.10.10"]
[SourceVersion "1"]
[SourceVersionDate "2023.10.10"]
[SourceQuality "1"]

1. f4 d5 2. Nf3 Nf6 3. e3 e6 4. Be2 Bd6 5. b3 Nbd7 6. 0-0 e5 7. fxe5 Nxe5 8. Bb2 Qe7 9. Nxe5 Bxe5 10. Bxe5 Qxe5 11. Nc3 c6 12. Qe1 Bg4 13. Qf2 Bxe2 14. Qxe2 0-0-0 15. Qf3 Kb8 16. Qf4 Rde8 17. Rf3 Re7 18. Raf1 Rd8 19. Qxe5+ Rxe5 20. Rg3 Rg8 21. Rxf6 Rge8 22. Rf4 f6 23. Rfg4 g5 24. Rd4 h5 25. Rf3 Rf8 26. e4 dxe4 27. Rxe4 f5 28. Rxe5 f4 29. Rh3 h4 30. Ne4 Rd8 31. d3 g4 32. Rxh4 f3 33. Ng3 Rf8 34. Rf5 Re8 35. Kf2 Rh8 36. Rxg4 Rxh2 37. Rxf3 b5 38. Rf7 c5 39. Rgg7 c4 40. Rb7+ Kc8 41. Rxa7 Kb8 1-0

[Event "Siracusa op 2nd"]
[Site "Siracusa"]
[Date "2007.09.02"]
[Round "1"]
[White "Tumino, Andrea"]
[Black "Agnello, Giuseppe"]
[Result "0-1"]
[WhiteElo "1637"]
[BlackElo "2136"]
[PlyCount "48"]
[EventDate "2007.09.02"]
[EventType "swiss"]
[EventRounds "9"]
[EventCountry "ITA"]
[SourceTitle "EXT 2010"]
[Source "ChessBase"]
[SourceDate "2010.11.25"]
[SourceVersion "1"]
[SourceVersionDate "2010.11.25"]
[SourceQuality "1"]

1. e4 c5 2. Nf3 d6 3. d4 cxd4 4. Nxd4 Nf6 5. Nc3 g6 6. Be2 Bg7 7. 0-0 0-0 8. Be3 Nc6 9. Nb3 Be6 10. f4 Qc8 11. Bf3 Rd8 12. Qe2 d5 13. Rfd1 dxe4 14. Nxe4 Nxe4 15. Bxe4 Bxb2 16. Rab1 Bf6 17. h3 Qc7 18. Nc5 Nd4 19. Qf2 Qxc5 20. Rbc1 Qc4 21. Rd3 Ne2+ 22. Qxe2 Qxe4 23. Rcd1 Rxd3 24. Rxd3 Bc4 0-1